Practical Shipbuilding (Record no. 80741)

MARC details
000 -LEADER
campo de control de longitud fija 00495nam a2200145 i 4500
001 - NÚMERO DE CONTROL
campo de control 80741
003 - IDENTIFICADOR DE NÚMERO DE CONTROL
campo de control ES-MaACL
007 - CAMPO FIJO DE DESCRIPCIÓN FÍSICA--INFORMACIÓN GENERAL
campo de control de longitud fija t|
008 - DATOS DE LONGITUD FIJA--INFORMACIÓN GENERAL
campo de control de longitud fija 041029s1918 xxk ||||1| eng d
100 1# - ENTRADA PRINCIPAL--NOMBRE DE PERSONA
Nombre de persona Holms, A. Campbell.
9 (RLIN) 64064
245 10 - MENCIÓN DEL TÍTULO
Título Practical Shipbuilding
Resto del título : a treatise on the structural desing and building of modern steel vessels /
Mención de responsabilidad, etc. by A. Campbell Holms.
260 ## - PUBLICACIÓN, DISTRIBUCIÓN, ETC.
Lugar de publicación, distribución, etc. London :
Nombre del editor, distribuidor, etc. [s.n.],
Fecha de publicación, distribución, etc. 1918 (
Lugar de fabricación/manufactura Boccles :
Fabricante William Clowes and Sons)
300 ## - DESCRIPCIÓN FÍSICA
Extensión 1 v. ;
Dimensiones 25 cm.
852 ## - LOCALIZACIÓN
Ubicación ES-MaACL
Número de control de estantería G-13994
Holdings
Estatus retirado Estado de pérdida Estado de daño No para préstamo Biblioteca de origen Biblioteca actual Ubicación en estantería Fecha de adquisición Fuente de adquisición Total de préstamos Signatura topográfica completa Código de barras Visto por última vez Precio de reemplazo Tipo de ítem Koha
        Biblioteca del Ateneo de Madrid Biblioteca del Ateneo de Madrid Sala Pecera Planta 3 17/01/2008     G-13994 1084415 23/02/2023 23/02/2023 Libro impreso